El comunalismo como repertorio democrático (notice n° 1831761)

détails MARC
000 -LEADER
fixed length control field 02060cam a2200181 4500500
005 - DATE AND TIME OF LATEST TRANSACTION
control field 20260329004219.0
041 ## - LANGUAGE CODE
Language code of text/sound track or separate title fre
042 ## - AUTHENTICATION CODE
Authentication code dc
100 10 - MAIN ENTRY--PERSONAL NAME
Personal name van de Sande, Mathijs
Relator term author
245 00 - TITLE STATEMENT
Title El comunalismo como repertorio democrático
260 ## - PUBLICATION, DISTRIBUTION, ETC.
Date of publication, distribution, etc. 2026.<br/>
500 ## - GENERAL NOTE
General note 35
520 ## - SUMMARY, ETC.
Summary, etc. ¿Qué es el «comunalismo» y cómo puede entenderse como un proyecto político original? Murray Bookchin es sin duda el defensor más conocido de este proyecto en las últimas décadas. Inspirado en parte por las experiencias de la Comuna de París de 1871, de la que tomó la expresión «comunalismo», Bookchin lo presenta como una ideología política coherente que abarca «los componentes filosóficos, históricos, políticos y organizativos de un socialismo para el siglo XXI» (2015). Sin embargo, esta definición parece implicar que el «comunalismo» es ante todo una ideología democrática coherente, que primero debe elaborarse teóricamente para luego ponerse en práctica. Este concepto también se refiere a la figura del teórico o la teórica política como alguien que prescribe, en lugar de analizar o describir la acción política. Proponemos otra interpretación del «comunalismo», más descriptiva, que denominamos «repertorio democrático». Durante los últimos ciento cincuenta años, este repertorio comunalista ha evolucionado y se ha adaptado a diferentes contextos culturales y políticos. Por lo tanto, también ha adquirido una serie de significados e implicaciones diferentes a lo largo del tiempo. Al entender «la Comuna» como el significado clave de un repertorio democrático, comprendemos mejor cómo ha seguido configurando —y, a su vez, cómo ha sido continuamente reconfigurada por— diversas prácticas y teorías políticas entre 1871 y la actualidad.
700 10 - ADDED ENTRY--PERSONAL NAME
Personal name Kets, Gaard
Relator term author
700 10 - ADDED ENTRY--PERSONAL NAME
Personal name Roth, Laura
Relator term author
786 0# - DATA SOURCE ENTRY
Note Participations | 42 | 2 | 2026-02-05 | p. 33-60 | 2034-7650
856 41 - ELECTRONIC LOCATION AND ACCESS
Uniform Resource Identifier <a href="https://shs.cairn.info/revista-participations-2025-2-page-33?lang=es&redirect-ssocas=7080">https://shs.cairn.info/revista-participations-2025-2-page-33?lang=es&redirect-ssocas=7080</a>

Pas d'exemplaire disponible.

PLUDOC

PLUDOC est la plateforme unique et centralisée de gestion des bibliothèques physiques et numériques de Guinée administré par le CEDUST. Elle est la plus grande base de données de ressources documentaires pour les Étudiants, Enseignants chercheurs et Chercheurs de Guinée.

Adresse

627 919 101/664 919 101

25 boulevard du commerce
Kaloum, Conakry, Guinée

Réseaux sociaux

Powered by Netsen Group @ 2025